Normal view
MARC view
Entry Personal Name
001 - CONTROL NUMBER
- control field: 12450
003 - CONTROL NUMBER IDENTIFIER
- control field: OSt
005 - DATE AND TIME OF LATEST TRANSACTION
- control field: 20180212192727.0
008 - FIXED-LENGTH DATA ELEMENTS
- fixed length control field: 180212|| aca||aabn | a|a d
040 ## - CATALOGING SOURCE
- Original cataloging agency: OSt
- Transcribing agency: OSt
100 ## - HEADING--PERSONAL NAME
- Personal name: Edited by Charmaine R. Brittain.
670 ## - SOURCE DATA FOUND
- Source citation: Work cat.: (OSt)744: Edited by Charmaine R. Brittain., Understanding the Medical Diagnosis of Child Maltreatment:, 2006.
